| 000 | 01111nam a2200313Ia 4500 | ||
|---|---|---|---|
| 001 | Para_6034 | ||
| 003 | CHAP | ||
| 008 | 220125s1991 xx 000 0 und d | ||
| 010 | _a204789 | ||
| 040 | _cCHAP | ||
| 090 | _aPA TESIS 615 | ||
| 100 |
_aDíaz Oropeza, Gerardo Javier _933584 |
||
| 245 |
_aEstablecimiento del nemátodo agallador Meloidogyne spp. sobre Sanpaulia (Saintpaulia ionantha W.) en condiciones de laborario e invernadero en Chapingo, Méx. / _c por Gerardo Javier Díaz Oropeza |
||
| 260 |
_aChapingo, Méx. : _b el autor |
||
| 300 | _a65 h. | ||
| 502 | _aTesis (Ing. Agr. Esp. en Parasitología Agrícola) -- UACh Departamento Parasitología Agrícola | ||
| 650 |
_aMeloidogyne _974428 |
||
| 650 |
_aPlantas ornamentales _x plagas _989072 |
||
| 650 |
_aSaintpaulia ionantha _9101227 |
||
| 650 |
_aVioletas _9119893 |
||
| 710 |
_aUACh. Departamento Parasitología Agrícola _9164025 |
||
| 901 | _aPA TESIS 615 | ||
| 902 | _aA | ||
| 905 | _a0000001991 0000000000 00 | ||
| 910 | _a1991 | ||
| 942 | _cPARA | ||
| 942 |
_cPARA _d1 |
||
| 999 |
_c204789 _d204789 |
||